000 02723nam0a2200409 4500
001 RU\NLR\BIBL_A\022589672
005 20260420051202.0
010 _a978-5-904570-78-1
_91000
021 _aRU
_bКН-П-25-031722
_9КН-П-25-3139
035 _a(NLR Aleph) 022589672
090 _a13679085
_c13679085
100 _a20250723d2025 u y0rusy50 ca
101 0 _arus
102 _aRU
105 _aa|||z|||000yy
181 0 _ai3
_baxxe
182 0 _an
200 1 _aТреки разработки и включения в клиническую практику медицинских технологий в Российской Федерации
_f[Алексеева Т. И., Беланов К. Ю., Богданова В. О. и др.]
_gпод ред. В. В. Омельяновского
_gФГБУ "Центр экспертизы и контроля качества медицинской помощи" Министерства здравоохранения Российской Федерации, ФГБУ ДПО "Российская медицинская академия непрерывного профессионального образования" Министерства здравоохранения Российской Федерации
203 _aТекст
_bвизуальный
_cнепосредственный
205 _a1-е изд.
210 _aМосква
_cКачество жизни
_d2025
215 _a54 с.
_cцв. ил.
_d30
300 _aАвт. указаны на 3-й с.
300 _aДоп. информ. в ссылках QR-кодов
320 _aБиблиогр. в конце треков
606 1 _aМедицина
_xИнновационные технологии
_92366678
_3RU\NLR\AUTH\661412880
686 1 _aР.с
701 1 _aАлексеева
_bТ. И.
_cспециалист в обл. организации здравоохранения
_gТатьяна Игоревна
_92674049
_3RU\NLR\AUTH\770283278
701 1 _aБеланов
_bК. Ю.
_gКонстантин Юрьевич
701 1 _7ca
_8rus
_aБогданова
_bВ. О.
_cканд. мед. наук
_gВалерия Олеговна
_998395
_3RU\NLR\AUTH\77115470
702 1 _aОмельяновский
_bВ. В.
_gВиталий Владимирович
_4340
712 0 2 _4570
_aЦентр экспертизы и контроля качества медицинской помощи
_cМосква
_9672611
_3RU\NLR\AUTH\880506329
942 _cBOOK
980 _aNB